Integrity and compromise ; problems of public and private conscience /

Bibliographic Details
Corporate Author: Jewish Theological Seminary of America. Institute for Religious and Social Studies
Other Authors: MacIver, Robert M. (Robert Morrison), 1882-1970
Format: Book
Language:English
Published: New York : Distributed by Harper, Institute for Religious and Social Studies; [1957]
Series:Religion and civilization series.
Subjects:

MARC

Tag First Indicator Second Indicator Subfields
LEADER 00000cam a2200000 4500
001 in00000052971
005 20151007080349.0
008 750422s1957 eng u
010 |a  56012438  
020 |a 0836926560 
035 |a (OCoLC)01292158 
035 |9 AAF4689AM 
040 |c CNC  |d TXA  |d UtOrBLW 
049 |a TXAM  |c [276834] 
050 0 |a BJ1533.S3  |b I5 
082 0 |a 170 
092 |a 171.6  |b I59i 
110 2 |a Jewish Theological Seminary of America.  |b Institute for Religious and Social Studies. 
245 1 0 |a Integrity and compromise ;  |b problems of public and private conscience /  |c edited by Robert M. MacIver. 
264 1 |a New York :  |b Institute for Religious and Social Studies;  |a Distributed by Harper,  |c [1957] 
264 4 |c [©1957] 
300 |a 150 pages ;  |c 21 cm. 
336 |a text  |b txt  |2 rdacontent 
337 |a unmediated  |b n  |2 rdamedia 
338 |a volume  |b nc  |2 rdacarrier 
490 1 |a Religion and civilization series 
500 |a "Series of luncheon addresses delivered ... during the winter 1955-1956." 
504 |a Includes bibliographical references. 
505 0 |a Necessity of compromise, by F. Biddle.--The loyalty of the priest, by J. La Farge.--Compromise and politics, by E. J. McCarthy.-- The social responsibility of the scientist, by I. I. Rabi.-- Both free and bound, by A. J. Penner.--The problems of the physician, by P. M. Murray.--The rabbi meets some big dilemmas, by J. Mark.--An anthropologist learns from the Hopi,by D.D. Lee.--The artist and his society, by G. L. K. Morris.-- What is the right thing? By E. Exman.--Some issues for the lawyer, by H. Wechsler.--The author and the truth, by E. Janeway. 
650 0 |a Compromise (Ethics) 
650 0 |a Self-esteem. 
700 1 |a MacIver, Robert M.  |q (Robert Morrison),  |d 1882-1970. 
830 0 |a Religion and civilization series. 
999 |a MARS 
999 f f |s b5e349f3-0b8d-3040-a070-8da7e0f363b6  |i efc44fb2-a4fa-3e09-b330-f58eea7bd43e  |t 0 
952 f f |p ric  |a Texas A&M University  |b Rellis Campus  |c Joint Library Facility  |d Remote Storage  |t 0  |e BJ1533.S3 I5  |h Library of Congress classification  |i unmediated -- volume  |m A14800533856 
998 f f |a BJ1533.S3 I5  |t 0  |l Remote Storage